000 00300nam a22001337a 4500
008 170622b xxu||||| |||| 00| 0 eng d
020 _a1555873928
041 _aeng
080 _a32
100 _a20
101 _aSHP
245 _aFIELDWORK IN DEVELOPING COUNTRIES
_cDEVEREUX, S
942 _2udc
_cBK
999 _c18580
_d18580